header

Flames (Record no. 224358)

MARC details
000 -LEADER
fixed length control field 01721nam a2200373 a 4500
245 00 - TITLE STATEMENT
Title Flames
260 ## - PUBLICATION, DISTRIBUTION, ETC. (IMPRINT)
Place of publication Washington, D.C. :
Name of publisher American Institute of Aeronautics and Astronautics,
Year of publication 1988.
300 ## - PHYSICAL DESCRIPTION
Number of Pages xix, 432 p. :
Other physical details ill.
490 1# - SERIES STATEMENT
Series statement Progress in astronautics and aeronautics ;
Series statement Dynamics of reactive systems ;
500 ## - GENERAL NOTE
General note "Technical papers presented from the eleventh International Colloquium on Dynamics of Explosions and Reactive Systems, Warsaw, Poland, August 1987, and subsequently revised for this volume."
650 #0 - SUBJECT ADDED ENTRY--TOPICAL TERM
Topical Term Combustion
Topical Term Gas dynamics
Topical Term Flame
700 1# - ADDED ENTRY--PERSONAL NAME
Personal name Kuhl, A. L.
856 40 - ELECTRONIC LOCATION AND ACCESS
Uniform Resource Identifier http://site.ebrary.com/lib/rucke/Doc?id=10516786

No items available.

© 2026 Rongo University
Contact us: librarian | system librarian | Rongo university